The planner in society; (Record no. 35460)
[ view plain ]
| 000 -LEADER | |
|---|---|
| fixed length control field | 00680nam a2200205 4500 |
| 001 - CONTROL NUMBER | |
| control field | 35460 |
| 003 - CONTROL NUMBER IDENTIFIER | |
| rucl marc code | BD-RjUL |
| 005 - DATE AND TIME OF LATEST TRANSACTION | |
| control field | 20211209052327.0 |
| 008 - FIXED-LENGTH DATA ELEMENTS--GENERAL INFORMATION | |
| fixed length control field | 140525s1973 enk||||| |||| 001 0 eng d |
| 035 ## - SYSTEM CONTROL NUMBER | |
| System control number | (BD-RjUL)35554 |
| 040 ## - CATALOGING SOURCE | |
| Transcribing agency | BD-RjUL |
| Modifying agency | BD-RjUL |
| 082 ## - DEWEY DECIMAL CLASSIFICATION NUMBER | |
| Classification number | 307.1216 |
| Author mark and year | EVP 1973 |
| 100 ## - MAIN ENTRY--PERSONAL NAME | |
| Personal name | Eversley , David Edward Charles |
| 9 (RLIN) | 107963 |
| 245 ## - TITLE STATEMENT | |
| Title | The planner in society; |
| Remainder of title | the changing role of a profession / |
| Statement of responsibility, etc. | David Edward Charles Eversley |
| 260 ## - PUBLICATION, DISTRIBUTION, ETC. (IMPRINT) | |
| Place of publication, distribution, etc. | London : |
| Name of publisher, distributor, etc. | Faber and Faber ; |
| Date of publication, distribution, etc. | 1973 |
| 300 ## - PHYSICAL DESCRIPTION | |
| Pagination | ix, 360 p. : |
| Size | 22 cm. |
| 650 ## - SUBJECT ADDED ENTRY--TOPICAL TERM | |
| Topical term or geographic name as entry element | Great Britain -- Social policy. |
| 9 (RLIN) | 107964 |
| Topical term or geographic name as entry element | City planning -- Great Britain. |
| 9 (RLIN) | 107766 |
| 942 ## - ADDED ENTRY ELEMENTS (KOHA) | |
| Source of classification or shelving scheme | Dewey Decimal Classification |
| Koha item type | Books |
| Lost status | Source of classification or shelving scheme | Damaged status | Not for loan | Collection code | Permanent Location | Current Location | Shelving location | Date acquired | Source of acquisition | Cost, normal purchase price | Total Checkouts | Full call number | Date last seen | Copy number | Koha item type |
|---|---|---|---|---|---|---|---|---|---|---|---|---|---|---|---|
| Dewey Decimal Classification | Not For Loan | Non-fiction | Central Library, University of Rajshahi | Central Library, University of Rajshahi | Reading Room | 03/06/1975 | Gonathan ware & co. | 4.75 | 307.1216 EVP 1973 | 25/05/2014 | C-1 | Books |